| 000 | 00460nam a2200193Ia 4500 | ||
|---|---|---|---|
| 008 | 170918s9999 xx 000 0 und d | ||
| 020 | _a9780545377638 | ||
| 050 | _bK297 2012 | ||
| 100 | _aKelly, Jamie | ||
| 245 | 4 | _aThe super-niceare super-annoying / | |
| 245 | _cJamie Kelly. | ||
| 260 | _aNew York : | ||
| 260 | _bScholastic, | ||
| 260 | _c2012 | ||
| 300 | _a125 pages : | ||
| 300 | _bcolored illustration ; | ||
| 300 | _c19cm. | ||
| 500 | _a880 | ||
| 999 |
_c342078 _d342078 |
||